Aria di casa nostra: il Piemonte (Record n. 100190)
[ formato base ]
| 000 -LEADER | |
|---|---|
| fixed length control field | 01504njm a2200349Ia 4500 |
| 001 - CONTROL NUMBER | |
| control field | 24581 |
| 003 - CONTROL NUMBER IDENTIFIER | |
| control field | IT-RoPAU |
| 005 - DATE AND TIME OF LATEST TRANSACTION | |
| control field | 20220918181126.0 |
| 008 - FIXED-LENGTH DATA ELEMENTS--GENERAL INFORMATION | |
| fixed length control field | 131025s9999 xx 000 0 und d |
| 040 ## - CATALOGING SOURCE | |
| Original cataloging agency | IT-RoPAU |
| 040 ## - CATALOGING SOURCE | |
| Transcribing agency | IT-RoPAU |
| 041 ## - LANGUAGE CODE | |
| Language code of text/sound track or separate title | ITALIANO |
| 999 ## - SYSTEM CONTROL NUMBERS (KOHA) | |
| Koha Dewey Subclass [OBSOLETE] | n.d. |
| 100 ## - MAIN ENTRY--PERSONAL NAME | |
| Personal name | Anonimo |
| 9 (RLIN) | 883 |
| 100 ## - MAIN ENTRY--PERSONAL NAME | |
| Relator term | Autore musica |
| 9 (RLIN) | 10678 |
| 100 ## - MAIN ENTRY--PERSONAL NAME | |
| Miscellaneous information | Codice autore musica SPICS: 2620 |
| 9 (RLIN) | 885 |
| 245 ## - TITLE STATEMENT | |
| Title | Aria di casa nostra: il Piemonte |
| 250 ## - EDITION STATEMENT | |
| Edition statement | 1a ed. |
| 260 ## - PUBLICATION, DISTRIBUTION, ETC. (IMPRINT) | |
| Place of publication, distribution, etc. | MILANO |
| 260 ## - PUBLICATION, DISTRIBUTION, ETC. (IMPRINT) | |
| Name of publisher, distributor, etc. | RI - FI RECORD COMPANY |
| Date of publication, distribution, etc. | 1976 [1a Ed.:1976] |
| 300 ## - PHYSICAL DESCRIPTION | |
| Extent | DISCO |
| 300 ## - PHYSICAL DESCRIPTION | |
| Dimensions | 32 minuti (Testo: pag.) |
| 500 ## - GENERAL NOTE | |
| General note | Canzoni popolari piemontesi |
| 505 ## - FORMATTED CONTENTS NOTE | |
| Formatted contents note | Maria Gioana - Pouri pelegrin - Le ragazze di Torino - A la moda di j muntagnun - Ninetta - Pampaluc - La Balilla - Pouri vecio - Marcia 'd Turin (3:00) - I ragazzi del Piemonte (3:00) - Pocionin (4:00) - Mia mama veul che fila (3:00) |
| 650 ## - SUBJECT ADDED ENTRY--TOPICAL TERM | |
| Topical term or geographic name as entry element | POPOLARE [DISCHI] |
| Relator term | Codice MATERIA SPICS: 9950 |
| 9 (RLIN) | 10679 |
| 700 ## - ADDED ENTRY--PERSONAL NAME | |
| Personal name | Piovano Mario |
| Dates associated with a name | Codice autore musica SPICS: 8122 |
| Relator term | Autore musica |
| Name of part/section of a work | Marcia 'd Turin - Mia mama veul che fila |
| 9 (RLIN) | 10680 |
| 700 ## - ADDED ENTRY--PERSONAL NAME | |
| Personal name | Roberto |
| Dates associated with a name | Codice autore SPICS: 15629 |
| Relator term | Autore |
| Name of part/section of a work | Marcia 'd Turin |
| 9 (RLIN) | 10681 |
| 700 ## - ADDED ENTRY--PERSONAL NAME | |
| Personal name | Rebo |
| Dates associated with a name | Codice autore musica SPICS: 15630 |
| Relator term | Autore musica |
| Name of part/section of a work | I ragazzi del Piemonte |
| 9 (RLIN) | 10682 |
| 700 ## - ADDED ENTRY--PERSONAL NAME | |
| Personal name | De Magistris |
| Dates associated with a name | Codice autore musica SPICS: 15631 |
| Relator term | Autore musica |
| Name of part/section of a work | Pocionin |
| 9 (RLIN) | 10683 |
| 700 ## - ADDED ENTRY--PERSONAL NAME | |
| Personal name | Novelli P. |
| Dates associated with a name | Codice autore SPICS: 14232 |
| Relator term | Autore |
| Name of part/section of a work | Mia mama veul che fila |
| 9 (RLIN) | 10684 |
| 942 ## - ADDED ENTRY ELEMENTS (KOHA) | |
| Koha item type | DISCHI |
| Source of classification or shelving scheme | Dewey Decimal Classification |
| Withdrawn status | Lost status | Damaged status | Not for loan | Home library | Current library | Date acquired | Total Checkouts | Full call number | Date last seen | Price effective from | Koha item type | Public note |
|---|---|---|---|---|---|---|---|---|---|---|---|---|
| Buone Condizioni | Not For Loan | SPICS-MEDIATECA | SPICS-MEDIATECA | 25/10/2013 | 24581 | 25/10/2013 | 25/10/2013 | DISCHI | Progr. Ins.: 5276 / N.Vol.: 1 / Copie: 1 - Copia rara: n.d. / date import: 01.01.2014 - By Epidotti, Trombetti, Vaglietti |